| Поле | Инд. | ПП | Название | Значение |
|---|---|---|---|---|
| Тип записи | a | |||
| Библиографический уровень | m | |||
| 001 | Контрольный номер | 5534262af97b44579d981bd621c6fbad | ||
| 005 | Дата корректировки | 20230908110636.0 | ||
| 008 | Кодируемые данные | 230829|||||||||ru |||||||||||||||||rus|| | ||
| 020 | a | ISBN | 978-5-8072-0156-0 (кн. 1 и кн. 2) | |
| 020 | a | ISBN | 978-5-8072-0155-3 | |
| 040 | b | Код языка каталог. | rus | |
| 041 | 0_ | a | Код языка текста | rus |
| a | Код языка текста | eng | ||
| 084 | a | Индекс другой классификации/Индекс ББК | 67.911.20+39.464.9 | |
| 090 | a | Полочн. индекс | 67.911 | |
| x | Авторский знак | М 43 | ||
| 203 | a | Вид содержания | Текст | |
| c | Тип средства | непосредственное | ||
| 245 | 10 | a | Заглавие | Международная конвенция по предотвращению загрязнения с судов 1973 г., измененная протоколом 1978 г. к ней. (МАРПОЛ 73/78). В 3 книгах. Книги 1 и 2 |
| c | Ответственность | АО "Центральный научно-исследовательский и проектно-конструкторский институт морского флота" (АО "ЦНИИМФ") | ||
| 246 | _1 | a | Другая форма заглавия | International Convention for Prevention of Pollution from ships, 1973, as Modified bu the Protocol of 1978 relating thereto. ( MARPOL 73/78). Book 1 and book 2 |
| 260 | a | Место издания | Санкт-Петербург | |
| b | Издательство | ЦНИИМФ | ||
| c | Дата издания | 2023 | ||
| 300 | a | Объем | 861 с. | |
| b | Иллюстрации/ тип воспроизводства | ил. | ||
| 500 | a | Примечание | Загл. и текст парал. рус., англ. | |
| 520 | 0_ | a | Аннотация | Настоящее сводное издание содержит на русском и на английском языках тексты Международной Конвенции по предотвращению загрязнения с судов 1973 г., измененной протоколом 1978 г. к ней (МАРПО Л 73/78), и Приложений I-V к ней с правилами предотвращения загрязнений нефтью и вредными веществами, перевозимыми морем наливом и в упаковках, сточными водами и мусором с судов (Книга I) и толкования правил приложений к Конвенции, а также Руководства и Наставления ИМО по выполнению требований МАРПОЛ 73/78 (Книга II). Публикация подготовлена Отделом безопасности мореплавания Центрального научно-исследовательского и проектно-конструкторского института морского флота. Английский текст приводится в качестве одного из официальных языков Конвенции, он является и основным рабочим языком ИМО, и по этой причине, в случае каких-либо разночтений положений текста, предпочтение должно отдаваться тексту на английском языке |
| 650 | 04 | a | Основная рубрика | Моря-Охрана от загрязнения-Конвенции международные-Официальные документы |
| 650 | 14 | a | Основная рубрика | Суда морские-Влияние на окружающую среду-Конвенции международные-Официальные документы |
| 653 | 0_ | a | Ключевые слова | Загрязнение морей; Загрязнение морей нефтью; Загрязнение с судов; Защита морской среды; Конвенции международные; Конвенции МАРПОЛ; ИМО; МАРПОЛ 73/78; Международная Конвенция по предотвращению загрязнения с судов 73/78; Предотвращение загрязнения с судов; Резолюции ИМО; Экологическая безопасность на море |
| a | Ключевые слова | Резолюция A.85(20) | ||
| 900 | a | Имя макрообъекта | Международная конвенция по предотвращению. книга 1, 2 | |
| 901 | t | Тип документа | m |